[Event "DSenMMdL 2018 65+"]
[Site "Templin"]
[Date "2018.09.13"]
[Round "4.1"]
[Board "1"]
[White "Witte, Manfred"]
[Black "Rotstein, Jefim"]
[Result "0-1"]
[WhiteElo "2127"]
[BlackElo "2315"]
[WhiteTeam "Berlin"]
[BlackTeam "Nordrhein-Westfalen"]

1. c4 e5 2. g3 c5 3. Bg2 Nc6 4. Nc3 f5 5. d3 Nf6 6. e4 d6 7. Nge2 Be7 8. O-O O-O
9. Nd5 Nxd5 10. cxd5 Nd4 11. Nxd4 cxd4 12. f4 fxe4 13. dxe4 Qb6 14. fxe5 dxe5
15. Rxf8+ Bxf8 16. Bf1 Bd7 17. Bd3 Rc8 18. Qb3 Qxb3 19. axb3 Bb4 20. Kg2 a5 21.
h3 h6 22. g4 Rf8 23. Be2 Kh7 24. h4 b6 25. Bf3 Bb5 26. g5 Bd3 0-1

[Event "DSenMMdL 2018 65+"]
[Site "Templin"]
[Date "2018.09.13"]
[Round "4.2"]
[Board "2"]
[White "Khanukov, Boris"]
[Black "Albrecht, Rainer"]
[Result "1-0"]
[WhiteElo "2275"]
[BlackElo "2105"]
[WhiteTeam "Nordrhein-Westfalen"]
[BlackTeam "Berlin"]

1. Nf3 e6 2. g3 d5 3. Bg2 Nf6 4. O-O c5 5. d4 cxd4 6. Nxd4 e5 7. Nb3 Nc6 8. Bg5
Be6 9. Nc3 d4 10. Ne4 Be7 11. Nbc5 Bc8 12. Bxf6 gxf6 13. Nd3 O-O 14. Nd2 Be6 15.
a3 Rc8 16. e4 dxe3 17. fxe3 b6 18. Qh5 Kg7 19. Be4 h6 20. Nf3 Na5 21. Nh4 Nc4
22. Nf5+ Bxf5 23. Qxf5 Rh8 24. Qg4+ Kf8 25. Qe2 Qc7 26. Rf2 Rd8 27. Raf1 b5 28.
Kh1 Qb6 29. Rf3 Nd6 30. Nf2 Nxe4 31. Nxe4 Qc6 32. Nc3 b4 33. axb4 Bxb4 34. e4
Be7 35. Nd5 Rd6 36. c4 h5 37. b3 Ke8 38. Qf2 a6 39. Qa7 Rd7 40. Qb8+ Rd8 41. Qa7
Rd7 42. Qe3 Rd6 43. h4 Kf8 44. Rf5 1-0

[Event "DSenMMdL 2018 65+"]
[Site "Templin"]
[Date "2018.09.13"]
[Round "4.3"]
[Board "3"]
[White "Sprotte, Norbert"]
[Black "Hassenrück, Helmut"]
[Result "1/2-1/2"]
[WhiteElo "2165"]
[BlackElo "2194"]
[WhiteTeam "Berlin"]
[BlackTeam "Nordrhein-Westfalen"]

1. d4 Nf6 2. Nf3 e6 3. e3 d5 4. c4 a6 5. a3 c5 6. Nc3 Nc6 7. cxd5 exd5 8. Be2
Bd6 9. dxc5 Bxc5 10. O-O O-O 11. b4 Ba7 12. Bb2 Be6 13. Rc1 Qe7 14. Na4 Ne4 15.
Nd4 Bd7 1/2-1/2

[Event "DSenMMdL 2018 65+"]
[Site "Templin"]
[Date "2018.09.13"]
[Round "4.4"]
[Board "4"]
[White "Haselhorst, Helmut"]
[Black "Glatthor, Thomas"]
[Result "1-0"]
[WhiteElo "2148"]
[BlackElo "2037"]
[WhiteTeam "Nordrhein-Westfalen"]
[BlackTeam "Berlin"]

1. Nf3 Nf6 2. d4 d6 3. c4 g6 4. Nc3 Bg7 5. h3 O-O 6. Bf4 Nbd7 7. e3 c6 8. Be2
Qa5 9. O-O e5 10. Bh2 Re8 11. a3 Qc7 12. c5 Nd5 13. Nxd5 cxd5 14. Rc1 dxc5 15.
dxc5 Nf6 16. b4 Bd7 17. Qb3 Rad8 18. Rfd1 a6 19. a4 Re6 20. b5 Rde8 21. Nd4 R6e7
22. c6 Bc8 23. cxb7 Qxb7 24. Nc6 Re6 25. Bf3 axb5 26. axb5 e4 27. Be2 Bf8 28.
Qc3 Bd6 29. Bxd6 Rxd6 30. Qc5 Qd7 31. Ra1 Qe6 32. Ra7 Bd7 33. Nd4 Qe5 34. Rda1
Rc8 35. Ra8 Rxa8 36. Rxa8+ Kg7 37. b6 Be8 38. b7 Nd7 39. Qc8 Rb6 40. Qxe8 Rb1+
41. Bf1 Qh5 42. Nf3 exf3 43. Qxd7 fxg2 44. Kxg2 Qd1 45. Qb5 1-0

[Event "DSenMMdL 2018 65+"]
[Site "Templin"]
[Date "2018.09.13"]
[Round "4.1"]
[Board "1"]
[White "Frick, Christoph"]
[Black "Jergler, Karl-Heinz"]
[Result "1/2-1/2"]
[WhiteElo "2210"]
[BlackElo "2127"]
[WhiteTeam "Württemberg"]
[BlackTeam "Bayern 1"]

1. e4 c5 2. Nc3 Nc6 3. g3 g6 4. Bg2 Bg7 5. d3 d6 6. Nh3 e6 7. O-O Nge7 8. Be3 b6
9. Qd2 h6 10. Nf4 Bb7 11. Nfe2 Nd4 12. Rae1 Qd7 13. f4 f5 14. Bf2 O-O 15. Nc1
Rae8 16. Nd1 Kh7 17. c3 Ndc6 18. d4 cxd4 19. cxd4 d5 1/2-1/2

[Event "DSenMMdL 2018 65+"]
[Site "Templin"]
[Date "2018.09.13"]
[Round "4.2"]
[Board "2"]
[White "Urytskyy, Arkadiy"]
[Black "Gabriel, Josef"]
[Result "0-1"]
[WhiteElo "2136"]
[BlackElo "2124"]
[WhiteTeam "Bayern 1"]
[BlackTeam "Württemberg"]

1. Nf3 g6 2. c4 Bg7 3. Nc3 Nf6 4. g3 O-O 5. Bg2 d6 6. O-O e5 7. d3 c6 8. Rb1 Bg4
9. h3 Bd7 10. b4 Qc8 11. Kh2 Na6 12. Be3 Re8 13. b5 Nc5 14. bxc6 Bxc6 15. Nb5
Bf8 16. Bg5 Nh5 17. Qd2 a6 18. Nc3 Rb8 19. e4 b5 20. Nd5 Bxd5 21. cxd5 Rb7 22.
Rfc1 Rc7 23. Ne1 f5 24. Be3 Rf7 25. d4 exd4 26. exf5 gxf5 27. Bxd4 Qd8 28. Bxc5
dxc5 29. Nf3 Qd6 30. Re1 Rxe1 31. Rxe1 f4 32. g4 Ng7 33. Kg1 c4 34. Ng5 Rf6 35.
Ne4 Qd8 36. Nxf6+ Qxf6 37. Bf3 Bc5 38. Kg2 c3 39. Qd3 b4 40. Re2 Qd6 41. Qe4 a5
42. Qc4 a4 43. Re4 h5 44. Qb5 hxg4 45. hxg4 b3 46. axb3 a3 47. Ra4 Bb6 48. Ra6
c2 49. Ra8+ Kf7 50. Qc4 Qc7 51. Qd3 Qc5 52. Be4 c1=Q 53. Bg6+ Kf6 0-1

[Event "DSenMMdL 2018 65+"]
[Site "Templin"]
[Date "2018.09.13"]
[Round "4.3"]
[Board "3"]
[White "Wolf, Walter"]
[Black "Strobel, Walter"]
[Result "1/2-1/2"]
[WhiteElo "2100"]
[BlackElo "2144"]
[WhiteTeam "Württemberg"]
[BlackTeam "Bayern 1"]

1. e4 c5 2. Nf3 e6 3. d4 cxd4 4. Nxd4 Nf6 5. Bd3 Nc6 6. Be3 e5 7. Nxc6 dxc6 8.
h3 Be6 9. Nd2 Qc7 10. O-O Be7 11. Qe2 Nd7 12. c4 a5 13. b3 O-O 14. Bc2 Rad8 15.
Rad1 Rfe8 16. Kh1 Bc5 17. Nf3 Qb6 18. Bxc5 Qxc5 19. Rd3 Nf8 20. Kh2 Ng6 21. g3
h6 22. Rfd1 Rxd3 23. Rxd3 Bc8 24. Kg2 Nf8 25. Qd2 Ne6 26. Bd1 b6 27. Qc3 f6 28.
Qd2 Qe7 29. Qe3 Nc5 30. Rd2 Rd8 31. Bc2 Rd6 32. Qc3 Ne6 33. Qe3 Rxd2 34. Qxd2
Kf7 35. Qe3 Qc5 36. Qxc5 Nxc5 37. h4 Ke7 38. Ne1 Kd6 39. Kf3 Ne6 40. Ke3 Nd4 41.
Bd1 g5 42. f4 c5 43. fxg5 fxg5 44. hxg5 hxg5 45. Nf3 Bg4 46. Be2 Bxf3 47. Bxf3
Nc2+ 48. Kd2 Nb4 49. a4 Nc6 50. Bd1 1/2-1/2

[Event "DSenMMdL 2018 65+"]
[Site "Templin"]
[Date "2018.09.13"]
[Round "4.4"]
[Board "4"]
[White "Oechslein, Rainer"]
[Black "Gerstenberger, Heinz"]
[Result "1-0"]
[WhiteElo "2214"]
[BlackElo "2113"]
[WhiteTeam "Bayern 1"]
[BlackTeam "Württemberg"]

1. e4 c5 2. Nf3 a6 3. c4 e6 4. Nc3 Qc7 5. Be2 Nf6 6. O-O d6 7. d4 cxd4 8. Nxd4
b6 9. Be3 Bb7 10. f3 Be7 11. Rc1 O-O 12. Qe1 Nbd7 13. Qf2 Rab8 14. Rfd1 Ba8 15.
b4 Ne5 16. Na4 Qd7 17. b5 Rfc8 18. Nb3 axb5 19. cxb5 Rxc1 20. Nxc1 Qc7 21. Nxb6
Qc2 22. a4 Rxb6 23. Bxb6 Qxa4 24. Qd4 Qc2 25. Qd2 Qc8 26. Bd4 Ned7 27. Nb3 e5
28. Bf2 d5 29. Rc1 Qf8 30. exd5 Bxd5 31. Bc4 Bb7 32. Na5 Bb4 33. Qa2 Bxa5 34.
Qxa5 Qb8 35. Bd3 g6 36. Qa7 Qd6 37. Qxb7 Qxd3 38. Qc8+ Kg7 39. b6 e4 40. Qc3 Qb5
41. Bd4 Qg5 42. fxe4 Kg8 43. Rf1 Nxe4 44. Qc8+ Nf8 45. b7 1-0

[Event "DSenMMdL 2018 65+"]
[Site "Templin"]
[Date "2018.09.13"]
[Round "4.1"]
[White "Nekrasov, Mihail"]
[Black "Sandmeier, Toni"]
[Result "1/2-1/2"]
[WhiteElo "2303"]
[BlackElo "2157"]
[PlyCount "39"]
[EventDate "2018.??.??"]
[WhiteTeam "Baden 1"]
[BlackTeam "Baden 2"]

1. e4 Nf6 2. e5 Nd5 3. d4 g6 4. f4 d6 5. Nf3 Bg7 6. Bc4 Nb6 7. Bb3 O-O 8. O-O
a5 9. a4 Na6 10. Bd2 c5 11. Bxa5 cxd4 12. Qxd4 Nc5 13. Qb4 Ra6 14. Na3 Be6 15.
Bxe6 fxe6 16. Nc4 Rxa5 17. Nxa5 Nd5 18. Qd2 Ne4 19. Qd4 Rxf4 20. Nb3 1/2-1/2

[Event "DSenMMdL 2018 65+"]
[Site "Templin"]
[Date "2018.09.13"]
[Round "4.2"]
[White "Müller, Rudolf"]
[Black "Kiefer, Gerhard"]
[Result "1/2-1/2"]
[WhiteElo "2093"]
[BlackElo "2287"]
[PlyCount "35"]
[EventDate "2018.??.??"]
[WhiteTeam "Baden 2"]
[BlackTeam "Baden 1"]

1. e4 c5 2. Nf3 e6 3. d4 cxd4 4. Nxd4 Nc6 5. Nxc6 bxc6 6. Nc3 d5 7. Bd3 Nf6 8.
O-O Be7 9. Kh1 O-O 10. f4 c5 11. e5 Ne8 12. b3 g6 13. Rf3 Ng7 14. Rh3 f5 15. a4
a6 16. Bd2 Bb7 17. Qf1 Rf7 18. Rd1 1/2-1/2

[Event "DSenMMdL 2018 65+"]
[Site "Templin"]
[Date "2018.09.13"]
[Round "4.3"]
[White "Herbrechtsmeier, Christof"]
[Black "Dekan, Hans"]
[Result "1/2-1/2"]
[WhiteElo "2275"]
[BlackElo "2132"]
[PlyCount "37"]
[EventDate "2018.??.??"]
[WhiteTeam "Baden 1"]
[BlackTeam "Baden 2"]

1. e4 c5 2. Nf3 Nc6 3. d4 cxd4 4. Nxd4 g6 5. Nc3 Nf6 6. Nxc6 bxc6 7. e5 Ng8 8.
Bf4 Bg7 9. Bc4 Qa5 10. Qe2 e6 11. O-O Ne7 12. Rfe1 Nd5 13. Bxd5 cxd5 14. Nb5
O-O 15. Bd2 Qb6 16. Bb4 Ba6 17. a4 Rfc8 18. c3 Bh6 19. Qd3 1/2-1/2

[Event "DSenMMdL 2018 65+"]
[Site "Templin"]
[Date "2018.09.13"]
[Round "4.4"]
[White "Fugmann, Bernd"]
[Black "Werner, Clemens"]
[Result "0-1"]
[WhiteElo "1969"]
[BlackElo "2263"]
[PlyCount "126"]
[EventDate "2018.??.??"]
[WhiteTeam "Baden 2"]
[BlackTeam "Baden 1"]

1. e4 c6 2. d4 d5 3. exd5 cxd5 4. Bd3 Nf6 5. c3 Bg4 6. Qb3 Qc7 7. Bg5 e6 8. Nd2
Bd6 9. Ngf3 Nbd7 10. Bh4 O-O 11. Bg3 Rab8 12. Bxd6 Qxd6 13. O-O b5 14. a3 a6
15. Rfe1 Qf4 16. Qc2 Bxf3 17. Nxf3 g6 18. Qe2 Rb6 19. h3 Rfb8 20. g3 Qh6 21.
Kg2 a5 22. Ne5 Nxe5 23. dxe5 Nd7 24. f4 Qf8 25. Qg4 f5 26. Qf3 Nc5 27. Bc2 b4
28. axb4 axb4 29. Reb1 Qc8 30. g4 Ne4 31. gxf5 exf5 32. Bxe4 dxe4 33. Qd1 bxc3
34. bxc3 Rxb1 35. Rxb1 Rxb1 36. Qxb1 Qxc3 37. Qd1 Kg7 38. e6 Kf6 39. Qd6 Qd3
40. Qe5+ Ke7 41. Qg7+ Kxe6 42. Qxh7 Qf3+ 43. Kg1 Qg3+ 44. Kh1 Qe1+ 45. Kg2 Qe2+
46. Kg1 Qe3+ 47. Kg2 Qf3+ 48. Kg1 Qg3+ 49. Kh1 e3 50. Qg8+ Kd6 51. Qd8+ Kc5 52.
Qc7+ Kd4 53. Qe5+ Kd3 54. Qd5+ Ke2 55. Qg2+ Qxg2+ 56. Kxg2 Kd2 57. h4 e2 58.
Kf3 e1=Q 59. h5 Qe3+ 60. Kg2 Ke2 61. hxg6 Qf3+ 62. Kg1 Qg3+ 63. Kh1 Kf2 0-1

[Event "DSenMMdL 2018 65+"]
[Site "Templin"]
[Date "2018.09.13"]
[Round "4.1"]
[White "Juhnke, Jürgen"]
[Black "Bodach, Hans"]
[Result "1/2-1/2"]
[BlackElo "2165"]
[BlackTeam "Sachsen"]
[Board "1"]
[WhiteElo "2240"]
[WhiteTeam "Niedersachsen"]

1. e4 c6 2. d4 d5 3. Nc3 dxe4 4. Nxe4 Bf5 5. Ng3 Bg6 6. Bc4 e6 7. N1e2 Bd6 8. h4
h6 9. Nf4 Bxf4 10. Bxf4 Nf6 11. c3 Nbd7 12. h5 Bh7 13. Bd3 Bxd3 14. Qxd3 Nb6
15. c4 O-O  16. O-O-O Re8 17. Be5 Ng4 18. Qe2 Nxe5 19. dxe5 Qg5+ 20. Kc2
Rad8 21. b3 Rd7 22. Rhe1 Red8 23. Rxd7 Rxd7 24. Qe3 Qxe3  1/2-1/2

[Event "DSenMMdL 2018 65+"]
[Site "Templin"]
[Date "2018.09.13"]
[Round "4.2"]
[White "Knaak, Joachim"]
[Black "Kaiser, Gerhard"]
[Result "1-0"]
[BlackElo "2172"]
[BlackTeam "Niedersachsen"]
[Board "2"]
[WhiteElo "2113"]
[WhiteTeam "Sachsen"]

1. d4 Nf6 2. c4 e6 3. Nf3 Bb4+ 4. Bd2 a5 5. g3  O-O  6. Bg2 d5 7. cxd5
exd5 8. O-O  Qe7 9. Nc3 c6 10. Qc2 Re8 11. Rfe1 Bxc3 12. bxc3 Ne4 13. c4
dxc4 14. Qxc4 Be6 15. Qc2 Bd5 16. Ne5 Nxd2 17. Bxd5 cxd5 18. Qxd2 f6 19. Nd3
Nc6 20. e3 b5 21. Rec1 Qd7 22. Rc5 b4 23. Rac1 Ra6 24. Qc2 Re6 25. Nf4 Rd6 26.
Nxd5 h6 27. Qc4 Qb7 28. Ne7+  1-0

[Event "DSenMMdL 2018 65+"]
[Site "Templin"]
[Date "2018.09.13"]
[Round "4.3"]
[White "Clemens, Christian, Dr."]
[Black "Westphal, Norbert, Dr."]
[Result "1-0"]
[BlackElo "2034"]
[BlackTeam "Sachsen"]
[Board "3"]
[WhiteElo "2239"]
[WhiteTeam "Niedersachsen"]

1. g3 d5 2. Nf3 Nf6 3. Bg2 e6 4. O-O  c5 5. d4 Nc6 6. c4 dxc4 7. Qa4 Bd7 8.
Qxc4 Qb6 9. dxc5 Qxc5 10. Na3 Nd5 11. Rd1 h6 12. e4 Nb6 13. Qe2 e5 14. Be3 Qa5
15. Nb5 Rc8 16. Bxb6 Qxb6 17. Rxd7 Kxd7 18. Bh3+ Ke7 19. Bxc8  1-0

[Event "DSenMMdL 2018 65+"]
[Site "Templin"]
[Date "2018.09.13"]
[Round "4.4"]
[White "Eichner, Christian"]
[Black "Jentsch, Dieter"]
[Result "1-0"]
[BlackElo "2093"]
[BlackTeam "Niedersachsen"]
[Board "4"]
[WhiteElo "2070"]
[WhiteTeam "Sachsen"]

1. e4 e6 2. d4 d5 3. Nd2 c5 4. Ngf3 Nc6 5. exd5 exd5 6. Bb5 Nf6 7. O-O  Be7
8. dxc5 O-O  9. Nb3 Bg4 10. h3 Bh5 11. Be3 Qc7 12. Bxc6 bxc6 13. Bd4 Rab8
14. Be5 Qxe5 15. Nxe5 Bxd1 16. Nxc6 Rbe8 17. Raxd1 Bd8 18. Rfe1 Bc7 19. Re7 Bb8
20. Rde1 Ne4 21. f3 Bg3 22. Re2 Nf6 23. Rxe8 Nxe8 24. Ne7+ Kh8 25. Nxd5 Nc7 26.
Nxc7 Bxc7 27. Kf2 Rc8 28. Re4 f5 29. Re7 Kg8 30. Nd4 Kf8 31. Rxc7  1-0

[Event "DSenMMdL 2018 65+"]
[Site "Templin"]
[Date "2018.09.13"]
[Round "4.1"]
[White "Buchal, Stephan"]
[Black "Urban, Hans-Rainer"]
[Result "1-0"]
[WhiteElo "2299"]
[BlackElo "2109"]
[PlyCount "81"]
[EventDate "2018.??.??"]
[WhiteTeam "Bremen"]
[BlackTeam "Brandenburg"]

1. c4 e5 2. g3 Nc6 3. Nc3 a6 4. Bg2 Rb8 5. Nf3 Nf6 6. O-O h6 7. d4 exd4 8. Nxd4
Bc5 9. e3 O-O 10. b3 Ne7 11. Bb2 d6 12. Qd2 Bd7 13. Rac1 Bb4 14. a3 Bxc3 15.
Qxc3 Qc8 16. Rfe1 Bh3 17. Bh1 Ng6 18. e4 Re8 19. f3 Re7 20. Nc2 Qf8 21. Ne3
Rbe8 22. Re2 Bd7 23. Rce1 Ne5 24. Qc2 b5 25. Nd5 Nxd5 26. cxd5 b4 27. axb4 Bb5
28. Re3 c5 29. bxc5 dxc5 30. Qxc5 Nd3 31. Rxd3 Bxd3 32. Ba3 Rb7 33. Qxf8+ Rxf8
34. Bxf8 Kxf8 35. e5 Rxb3 36. f4 a5 37. d6 a4 38. Bd5 Rb1 39. Kf2 Rxe1 40. Kxe1
a3 41. Ba2 1-0

[Event "DSenMMdL 2018 65+"]
[Site "Templin"]
[Date "2018.09.13"]
[Round "4.2"]
[White "Walter, Günter"]
[Black "Franke, Reiner"]
[Result "1/2-1/2"]
[WhiteElo "2165"]
[BlackElo "2244"]
[PlyCount "37"]
[EventDate "2018.??.??"]
[WhiteTeam "Brandenburg"]
[BlackTeam "Bremen"]

1. e4 c5 2. Nf3 g6 3. g3 Bg7 4. Bg2 Nc6 5. O-O e5 6. Nc3 Nge7 7. Re1 O-O 8. Nd5
d6 9. c3 h6 10. Nxe7+ Qxe7 11. d3 Be6 12. Be3 Rad8 13. Qd2 Kh7 14. d4 cxd4 15.
cxd4 Bg4 16. d5 Bxf3 17. Bxf3 Nd4 18. Bg2 Rfe8 19. Rab1 1/2-1/2

[Event "DSenMMdL 2018 65+"]
[Site "Templin"]
[Date "2018.09.13"]
[Round "4.3"]
[White "Rust-Lux, Klaus"]
[Black "Ellenberg, Ekkehard"]
[Result "1/2-1/2"]
[WhiteElo "2071"]
[BlackElo "2014"]
[PlyCount "81"]
[EventDate "2018.??.??"]
[WhiteTeam "Bremen"]
[BlackTeam "Brandenburg"]

1. d4 d5 2. c4 e6 3. Nc3 Nf6 4. Bg5 c6 5. e3 Be7 6. Nf3 Nbd7 7. Qc2 a6 8. a3
O-O 9. Be2 Re8 10. Rd1 Nb6 11. Ne5 dxc4 12. Nxc4 Nxc4 13. Bxc4 Nd5 14. Bxe7
Qxe7 15. O-O Nxc3 16. Qxc3 Bd7 17. Ba2 Rad8 18. Rd2 Bc8 19. Rfd1 Rd7 20. f4
Red8 21. b4 g6 22. Rc1 Rd6 23. Bb3 Bd7 24. Bd1 Be8 25. Bf3 f6 26. Qc5 Kf8 27.
Rf2 R6d7 28. h4 Bf7 29. a4 Rc7 30. b5 axb5 31. axb5 Be8 32. Rfc2 Rdc8 33. bxc6
Bxc6 34. e4 f5 35. d5 Qxc5+ 36. Rxc5 fxe4 37. dxc6 b6 38. Rb5 exf3 39. Rxb6
fxg2 40. Kxg2 Ke7 41. Rb5 1/2-1/2

[Event "DSenMMdL 2018 65+"]
[Site "Templin"]
[Date "2018.09.13"]
[Round "4.4"]
[White "Heckert, Klaus-Dieter"]
[Black "Ohl, Karsten"]
[Result "1/2-1/2"]
[WhiteElo "2035"]
[BlackElo "1898"]
[PlyCount "92"]
[EventDate "2018.??.??"]
[WhiteTeam "Brandenburg"]
[BlackTeam "Bremen"]

1. e4 d6 2. d4 Nf6 3. Nc3 g6 4. Be3 Bg7 5. f3 Nbd7 6. Qd2 c6 7. Nh3 b5 8. Nf2
b4 9. Ne2 Rb8 10. Nc1 O-O 11. Be2 Nb6 12. O-O Na4 13. a3 bxa3 14. b3 Nb6 15.
Rxa3 Qc7 16. Ncd3 Bd7 17. Rfa1 Nc8 18. c3 Re8 19. Nb4 Rb6 20. Ba6 c5 21. Nbd3
Qb8 22. Nc1 cxd4 23. Bxd4 Rc6 24. c4 Nb6 25. Qa2 Rc7 26. Ncd3 Be6 27. Bb5 Rec8
28. Rxa7 Nxe4 29. Bxb6 Qxb6 30. Rxc7 Rxc7 31. fxe4 Bxa1 32. Qxa1 Ra7 33. Qb2
Qe3 34. h3 h5 35. Kh2 h4 36. Qc1 Qg3+ 37. Kh1 Ra2 38. Qf1 Bc8 39. b4 Bb7 40. c5
dxc5 41. bxc5 Rc2 42. Qd1 Bxe4 43. Qf1 Bb7 44. Ba4 Rc3 45. Bd7 e5 46. c6 Bxc6
1/2-1/2

[Event "DSenMMdL 2018 65+"]
[Site "Templin"]
[Date "2018.09.13"]
[Round "4.1"]
[White "Greul, Hans"]
[Black "Liebert, Heinz"]
[Result "1-0"]
[WhiteElo "2021"]
[BlackElo "2175"]
[PlyCount "57"]
[EventDate "2018.??.??"]
[WhiteTeam "Bayern 2"]
[BlackTeam "Sachsen-Anhalt"]

1. d4 f5 2. Nf3 Nf6 3. Bf4 e6 4. e3 b6 5. c4 Bb7 6. Be2 Bb4+ 7. Nbd2 O-O 8. O-O
d6 9. Nb3 d5 10. Rc1 Be7 11. Qc2 c6 12. Rfd1 Ne4 13. cxd5 exd5 14. Bxb8 Rxb8
15. Ne5 Rc8 16. Nd2 Bd6 17. Ndf3 Bb8 18. Qa4 Rf6 19. Rc2 a5 20. b4 axb4 21.
Qxb4 Bd6 22. Qb3 b5 23. g3 Bf8 24. Rdc1 Qa5 25. Nxc6 Rfxc6 26. Qxd5+ Kh8 27.
Rxc6 Bxc6 28. Rxc6 Qa8 29. Ne5 1-0

[Event "DSenMMdL 2018 65+"]
[Site "Templin"]
[Date "2018.09.13"]
[Round "4.2"]
[White "Bauer, Burkhard"]
[Black "Fischer, Gerd"]
[Result "1/2-1/2"]
[WhiteElo "2083"]
[BlackElo "2071"]
[PlyCount "86"]
[EventDate "2018.??.??"]
[WhiteTeam "Sachsen-Anhalt"]
[BlackTeam "Bayern 2"]

1. d4 d5 2. Bf4 Nf6 3. e3 e6 4. Nf3 Bd6 5. Bxd6 cxd6 6. c4 O-O 7. Nc3 dxc4 8.
Bxc4 Nbd7 9. O-O a6 10. a4 b6 11. Qc2 Bb7 12. Rfd1 d5 13. Bd3 Ne4 14. Rac1 Nd6
15. Na2 b5 16. Nc3 b4 17. Nb1 g6 18. Nbd2 Nb6 19. b3 Nd7 20. e4 dxe4 21. Nxe4
Nxe4 22. Bxe4 Qb6 23. Bxb7 Qxb7 24. Qd2 Rac8 25. Qh6 Rfd8 26. h4 Nf8 27. Qf4
Nd7 28. h5 Rc3 29. Ng5 Nf8 30. h6 Qe7 31. Ne4 Rxc1 32. Rxc1 f5 33. Nc5 a5 34.
Nd3 g5 35. Qe5 Ng6 36. Qxa5 Rxd4 37. Rc7 Rd7 38. Rc8+ Kf7 39. Ne5+ Nxe5 40.
Qxe5 Rd1+ 41. Kh2 Qd6 42. Qxd6 Rxd6 43. Rc4 Rb6 1/2-1/2

[Event "DSenMMdL 2018 65+"]
[Site "Templin"]
[Date "2018.09.13"]
[Round "4.3"]
[White "Jagdhuber, Hans"]
[Black "Hamm, Georg"]
[Result "1/2-1/2"]
[WhiteElo "2016"]
[BlackElo "2108"]
[PlyCount "51"]
[EventDate "2018.??.??"]
[WhiteTeam "Bayern 2"]
[BlackTeam "Sachsen-Anhalt"]

1. c4 c5 2. g3 Nc6 3. Bg2 Nf6 4. Nc3 e6 5. Nf3 d5 6. cxd5 exd5 7. d4 Be6 8. O-O
Be7 9. dxc5 Bxc5 10. Na4 Be7 11. Nd4 O-O 12. Nxe6 fxe6 13. Qb3 Qd7 14. Nc3 Kh8
15. h3 Rad8 16. Bg5 h6 17. Bd2 e5 18. Rac1 Nd4 19. Qd1 b6 20. e3 Ne6 21. Ne2
Ne4 22. Bc3 Nxc3 23. Nxc3 e4 24. Qg4 Nc5 25. Qxd7 Rxd7 26. Nb5 1/2-1/2

[Event "DSenMMdL 2018 65+"]
[Site "Templin"]
[Date "2018.09.13"]
[Round "4.4"]
[White "Zerfass, Otfried"]
[Black "Gerl, Hans"]
[Result "0-1"]
[WhiteElo "1857"]
[BlackElo "2019"]
[PlyCount "70"]
[EventDate "2018.??.??"]
[WhiteTeam "Sachsen-Anhalt"]
[BlackTeam "Bayern 2"]

1. e4 c5 2. Nc3 e6 3. Nge2 Nc6 4. g3 d6 5. Bg2 Nf6 6. O-O Be7 7. d4 cxd4 8.
Nxd4 Qb6 9. Ndb5 Qd8 10. h3 a6 11. Nd4 Ne5 12. Qe2 Qc7 13. Kh2 O-O 14. f4 Nc4
15. b3 Nb6 16. Bb2 Rd8 17. Rad1 Bd7 18. Rd2 Be8 19. Rfd1 Rac8 20. Qf3 d5 21. e5
Nfd7 22. Qg4 Nf8 23. Nce2 Bb4 24. Rd3 Nbd7 25. c3 Be7 26. Ng1 b5 27. Ngf3 Nc5
28. Re3 Ne4 29. Rf1 g6 30. f5 h5 31. Qf4 g5 32. Nxg5 Bxg5 33. Qf3 Qxe5 34. Qxh5
Bxe3 35. Qg4+ Qg7 0-1

[Event "DSenMMdL 2018 65+"]
[Site "Templin"]
[Date "2018.09.13"]
[Round "4.1"]
[White "Kornrumpf, Joachim"]
[Black "Salov, Sergej"]
[Result "1/2-1/2"]
[WhiteElo "2022"]
[BlackElo "2186"]
[PlyCount "38"]
[EventDate "2018.??.??"]
[WhiteTeam "Schleswig-Holstein 2"]
[BlackTeam "Schleswig-Holstein 1"]

1. e3 g6 2. c4 Bg7 3. Nf3 Nf6 4. Be2 d6 5. Qc2 O-O 6. b3 Nc6 7. a3 e5 8. d3 a5
9. Bb2 Bf5 10. Nbd2 Nd7 11. O-O g5 12. Ne4 h6 13. Rad1 Bg6 14. Nc3 f5 15. Nd5
Ne7 16. Nxe7+ Qxe7 17. b4 g4 18. Nd2 h5 19. Rfe1 Kf7 1/2-1/2

[Event "DSenMMdL 2018 65+"]
[Site "Templin"]
[Date "2018.09.13"]
[Round "4.3"]
[White "Gehrmann, Rudolf-Rainer"]
[Black "Neumann, Joachim"]
[Result "1/2-1/2"]
[WhiteElo "2076"]
[BlackElo "2115"]
[PlyCount "53"]
[EventDate "2018.??.??"]
[WhiteTeam "Schleswig-Holstein 2"]
[BlackTeam "Schleswig-Holstein 1"]

1. c4 e5 2. Nc3 Nf6 3. g3 Nc6 4. Bg2 Bc5 5. Nf3 d6 6. O-O O-O 7. a3 a6 8. b4
Ba7 9. Bb2 h6 10. Nd5 Nxd5 11. cxd5 Ne7 12. d4 e4 13. Ne1 Nxd5 14. Bxe4 Nf6 15.
Bg2 d5 16. Nd3 Re8 17. Re1 c6 18. Nc5 Qb6 19. Bc3 Bf5 20. Qd2 Qc7 21. f3 Rad8
22. Rad1 Bg6 23. Qb2 Re7 24. Bd2 Rde8 25. Bf4 Qc8 26. Bd6 Re3 27. Bf4 1/2-1/2

[Event "DSenMMdL 2018 65+"]
[Site "Templin"]
[Date "2018.09.13"]
[Round "4.4"]
[White "Hahne, Hans-Jürgen"]
[Black "Kracht, Helmut"]
[Result "1-0"]
[WhiteElo "2084"]
[BlackElo "2010"]
[PlyCount "85"]
[EventDate "2018.??.??"]
[WhiteTeam "Schleswig-Holstein 1"]
[BlackTeam "Schleswig-Holstein 2"]

1. e4 d5 2. exd5 Qxd5 3. d4 Nf6 4. Nf3 Bg4 5. Be2 e6 6. h3 Bh5 7. O-O Nc6 8. c4
Qd8 9. Nc3 Be7 10. Qb3 Rb8 11. g4 Bg6 12. Rd1 O-O 13. d5 exd5 14. Nxd5 Nxd5 15.
Rxd5 Qc8 16. Bf4 Be4 17. Rd2 Rd8 18. Rxd8+ Qxd8 19. Rd1 Qc8 20. Qe3 Bg6 21. a3
a5 22. Ne5 Nxe5 23. Bxe5 Bf6 24. Bxf6 gxf6 25. b4 axb4 26. axb4 Ra8 27. f4 Qe8
28. Qxe8+ Rxe8 29. Bf3 Be4 30. Re1 f5 31. gxf5 Bc6 32. Rxe8+ Bxe8 33. Bxb7 c6
34. Bc8 Kg7 35. Kf2 Kf6 36. Ke3 Ke7 37. Kd4 Kd8 38. Ba6 f6 39. Kc5 Kc7 40. b5
cxb5 41. cxb5 Bd7 42. b6+ Kb8 43. Bd3 1-0

[Event "DSenMMdL 2018 65+"]
[Site "Templin"]
[Date "2018.09.13"]
[Round "4.1"]
[White "Waschk, Armin"]
[Black "Horn, Peter"]
[Result "0-1"]
[WhiteElo "2157"]
[BlackElo "2085"]
[PlyCount "48"]
[EventDate "2018.??.??"]
[WhiteTeam "Mecklenburg-Vorpommern"]
[BlackTeam "Hamburg"]

1. e4 e6 2. d4 d5 3. Nc3 Bb4 4. Nge2 dxe4 5. a3 Bxc3+ 6. Nxc3 Nc6 7. Bb5 Nge7
8. Nxe4 O-O 9. c3 Qd5 10. Qe2 f5 11. Ng3 Bd7 12. Bxc6 Bxc6 13. Bg5 Ng6 14. c4
Qxd4 15. O-O f4 16. Qxe6+ Kh8 17. Nh5 Rae8 18. Qg4 Bd7 19. Qf3 Qe5 20. h4 h6
21. Rae1 Qxe1 22. Rxe1 Rxe1+ 23. Kh2 hxg5 24. hxg5 Ne5 0-1

[Event "DSenMMdL 2018 65+"]
[Site "Templin"]
[Date "2018.09.13"]
[Round "4.2"]
[White "Engelbert, Christoph"]
[Black "Kliewe, Hans-Jürgen"]
[Result "1-0"]
[WhiteElo "2158"]
[BlackElo "2131"]
[PlyCount "57"]
[EventDate "2018.??.??"]
[WhiteTeam "Hamburg"]
[BlackTeam "Mecklenburg-Vorpommern"]

1. e4 e6 2. d4 d5 3. exd5 exd5 4. Nf3 Nf6 5. Bd3 Be7 6. h3 O-O 7. O-O b6 8. Re1
c5 9. c3 Bb7 10. Ne5 Nbd7 11. Bf4 Re8 12. Nd2 Nf8 13. Bb5 N8d7 14. Qa4 Nxe5 15.
dxe5 Nh5 16. Bxe8 d4 17. e6 Nxf4 18. exf7+ Kf8 19. Bc6 dxc3 20. bxc3 Bxc6 21.
Qxc6 Rc8 22. Qe4 Ng6 23. Nf3 Qd6 24. Rad1 Qc6 25. Qxc6 Rxc6 26. Rd7 Kxf7 27.
Rdxe7+ Nxe7 28. Ne5+ Ke6 29. Nxc6+ 1-0

[Event "DSenMMdL 2018 65+"]
[Site "Templin"]
[Date "2018.09.13"]
[Round "4.3"]
[White "Wiemer, Jürgen"]
[Black "Schellhorn, Wolfgang"]
[Result "0-1"]
[WhiteElo "2028"]
[BlackElo "2138"]
[PlyCount "74"]
[EventDate "2018.??.??"]
[WhiteTeam "Mecklenburg-Vorpommern"]
[BlackTeam "Hamburg"]

1. e4 c5 2. c3 d5 3. exd5 Qxd5 4. d4 Nf6 5. Nf3 Bg4 6. Be2 e6 7. Be3 Nbd7 8.
O-O Rc8 9. Nbd2 cxd4 10. cxd4 Be7 11. b3 Nb6 12. Nc4 Ne4 13. Rc1 O-O 14. Nfe5
Bxe2 15. Qxe2 Nd7 16. Nxd7 Qxd7 17. Ne5 Qd5 18. Qd3 Rfd8 19. f3 Nd6 20. f4 Nf5
21. Nf3 Bf6 22. Rxc8 Rxc8 23. Bf2 h6 24. g4 Nd6 25. Re1 Nb5 26. Ne5 Rd8 27. a4
Nxd4 28. Re4 Bxe5 29. fxe5 Nc6 30. Qe3 Qd1+ 31. Kg2 Rd3 32. Qf4 Qxb3 33. g5
hxg5 34. Qxg5 Qd5 35. Qf4 Nd4 36. h4 Ne2 37. Qg4 Nc3 0-1